书目信息 |
| 题名: |
查类手册
|
|
| 作者: | 马志鑫 主编 ;《查类手册》编辑组 编 | |
| 分册: | ||
| 出版信息: | 北京 光明日报出版社 1989.06 |
|
| 页数: | 626页 | |
| 开本: | 19cm | |
| 丛书名: | ||
| 单 册: | ||
| 中图分类: | G254.12 | |
| 科图分类: | ||
| 主题词: | 分类表 | |
| 电子资源: | ||
| ISBN: | 7-80014-419-4 | |
| 000 | 00618nam0 2200205 45 | |
| 001 | 0504041721 | |
| 005 | 20050405091119.5 | |
| 010 | @a7-80014-419-4@dCNY13.90 | |
| 100 | @a20050404d1989 km y0chiy0120 ea | |
| 101 | 0 | @achi |
| 105 | @a z 000yy | |
| 200 | 1 | @a查类手册@ACha Lei Shou Ce@f马志鑫主编@FMa Zhi Xin Zhu Bian@g《查类手册》编辑组编 |
| 210 | @a北京@c光明日报出版社@d1989.06 | |
| 215 | @a626页@d19cm | |
| 606 | 0 | @a分类表 |
| 690 | @aG254.12@v3 | |
| 701 | 0 | @a马志鑫@4主编 |
| 712 | 02 | @a《查类手册》编辑组@A《Cha Lei Shou Ce》Bian Ji Zu@4编 |
| 801 | @aCN@bPftUser@c20050404 | |
| 905 | @f1@b221762@dG254.12@e44 | |
| 查类手册/马志鑫主编/《查类手册》编辑组编.-北京:光明日报出版社,1989.06 |
| 626页;19cm |
| ISBN 7-80014-419-4:CNY13.90 |
| ● |
| 相关链接 |
|
|
|
|
正题名:查类手册
索取号:G254.12/44
 
预约/预借
| 序号 | 登录号 | 条形码 | 馆藏地/架位号 | 状态 | 备注 |
| 1 | 0221762 | 002006055 | 工具书阅览室/ [索取号:G254.12/44] | 在馆 | |
| 2 | 0221763 | 202392446 | 第一样本阅览室/ [索取号:G254.12/44] | 在馆 |